| 000 -LEADER |
| fixed length control field |
00837nam a22001337a 4500 |
| 040 ## - CATALOGING SOURCE |
| Transcribing agency |
RUA |
| 082 ## - DEWEY DECIMAL CLASSIFICATION NUMBER |
| Classification number |
AGR TIT 2014 B458 Or.1 |
| 100 ## - MAIN ENTRY--AUTHOR NAME |
| Personal name |
TIT RATHANAK ; ទិត រតនៈ |
| 245 ## - TITLE STATEMENT |
| Title |
Cropping systems of krachor chab chili (Capsicum annuum) and bell pepper (Capsicumannum) of farmers in karmpong os commune, chhoul kiri district, kompong chhnang province, ប្រព័ន្ធដំាដុះដំណាំម្ទេសក្រចកចាប និងម្ទេសប្លោក របស់កសិករនៅឃុំកំពង់អុស ស្រុកជលគិរី ខេត្តកំពង់ឆ្នំាង |
| 260 ## - PUBLICATION, DISTRIBUTION, ETC. (IMPRINT) |
| Place of publication |
Phnom Penh |
| Name of publisher |
RUA |
| Year of publication |
2014 |
| 300 ## - PHYSICAL DESCRIPTION |
| Number of Pages |
ix ;38p. |
| Other physical details |
ill. |
| Dimensions |
29cm. |
| 856 ## - ELECTRONIC LOCATION AND ACCESS |
| Uniform Resource Identifier |
https://drive.google.com/file/d/18GvFWZTswL5JynMdBW2UvHiWS-Qc-fX9/view?usp=sharing |
| 942 ## - ADDED ENTRY ELEMENTS (KOHA) |
| Koha item type |
AGR |
| 952 ## - LOCATION AND ITEM INFORMATION (KOHA) |
| Withdrawn status [LOCAL, KOHA] |
0 |
| 952 ## - LOCATION AND ITEM INFORMATION (KOHA) |
| Withdrawn status [LOCAL, KOHA] |
0 |
| 952 ## - LOCATION AND ITEM INFORMATION (KOHA) |
| Withdrawn status [LOCAL, KOHA] |
0 |
| 952 ## - LOCATION AND ITEM INFORMATION (KOHA) |
| Withdrawn status [LOCAL, KOHA] |
0 |
| 952 ## - LOCATION AND ITEM INFORMATION (KOHA) |
| Withdrawn status [LOCAL, KOHA] |
0 |
| 952 ## - LOCATION AND ITEM INFORMATION (KOHA) |
| Withdrawn status [LOCAL, KOHA] |
0 |
| 952 ## - LOCATION AND ITEM INFORMATION (KOHA) |
| Withdrawn status [LOCAL, KOHA] |
0 |
| 952 ## - LOCATION AND ITEM INFORMATION (KOHA) |
| Withdrawn status [LOCAL, KOHA] |
0 |